Catálogo
 En Linea

Recuerdos de provincia / (Registro nro. 6947)

Detalles MARC
000 -CABECERA
campo de control de longitud fija 00986cam a2200253 a 4500
001 - NÚMERO DE CONTROL
campo de control 000007166
005 - FECHA Y HORA DE LA ÚLTIMA TRANSACCIÓN
campo de control 20200929154102.0
008 - DATOS DE LONGITUD FIJA--INFORMACIÓN GENERAL
campo de control de longitud fija 831027s1966 ag 001 0 spa
040 ## - FUENTE DE LA CATALOGACIÓN
Centro catalogador/agencia de origen DO-SdBNP
Centro/agencia transcriptor ViFGM
Lengua de catalogación BNPHU
Centro/agencia modificador Catalogación noche
082 ## - NÚMERO DE LA CLASIFICACIÓN DECIMAL DEWEY
Número de clasificación 920
Número de documento/Ítem S246r, 1966
100 1# - ENTRADA PRINCIPAL--NOMBRE DE PERSONA
Nombre de persona Sarmiento, Domingo Faustino,
Fechas asociadas al nombre 1811-1888.
9 (RLIN) 15530
245 10 - MENCIÓN DE TÍTULO
Título Recuerdos de provincia /
Mención de responsabilidad, etc. Domingo Faustino Sarmiento ; edición, María Hortensia Lacau.
250 ## - MENCIÓN DE EDICIÓN
Mención de edición 7a ed.
260 ## - PUBLICACIÓN, DISTRIBUCIÓN, ETC.
Lugar de publicación, distribución, etc. Buenos Aires :
Nombre del editor, distribuidor, etc. Kapelusz,
Fecha de publicación, distribución, etc. 1966.
300 ## - DESCRIPCIÓN FÍSICA
Extensión 295 p. ;
Dimensiones 16 cm.
490 1# - MENCIÓN DE SERIE
Mención de serie Grandes obras de la literatura universal
Designación de volumen o secuencia 50
500 ## - NOTA GENERAL
Nota general Estudio preliminar y nota de Guillermo Ara
650 #4 - PUNTO DE ACCESO ADICIONAL DE MATERIA--TÉRMINO DE MATERIA
Término de materia o nombre geográfico como elemento de entrada Sarmiento , domingo faustino,
Fechas vigentes 1811-1888
9 (RLIN) 19897
651 #4 - PUNTO DE ACCESO ADICIONAL DE MATERIA--NOMBRE GEOGRÁFICO
Nombre geográfico San Juan (Argentina, Provincia{Rpara}
Subdivisión general Historia
9 (RLIN) 19898
650 #4 - PUNTO DE ACCESO ADICIONAL DE MATERIA--TÉRMINO DE MATERIA
Término de materia o nombre geográfico como elemento de entrada Autores argentinos
9 (RLIN) 19899
700 1# - PUNTO DE ACCESO ADICIONAL--NOMBRE DE PERSONA
Nombre de persona Hortensia Lacau, María
Término indicativo de función/relación ed.
9 (RLIN) 19900
830 #0 - PUNTO DE ACCESO ADICIONAL DE SERIE-TÍTULO UNIFORME
Título uniforme Grandes obras de la literatura universal ;
Designación de volumen o secuencia 50.
9 (RLIN) 5363
910 ## - DATOS DE OPCIÓN DEL USUARIO (OCLC)
Datos de opción del usuario Catalogación derivada /LC
Existencias
Estado de retiro Estado de pérdida Restricciones de uso No para préstamo Código de colección Localización permanente Ubicación/localización actual Ubicación en estantería Fecha de adquisición Número de inventario Total de préstamos Signatura topográfica completa Código de barras Fecha visto por última vez Precio válido a partir de Tipo de ítem Koha
    Préstamo interno   Monografías: Libros y Folletos General General En catalogación 05.09.2009 LF1   920 S246r, 1966 7166-10 25.06.2020 25.06.2020 Préstamo interno

Con tecnología Koha